[Event "XXXVII Open International de Metz A (>1"]
[Site "METZ"]
[Date "2019.04.08"]
[Round "9.16"]
[White "Schweitzer, Victoria"]
[Black "Veron, Cyprien"]
[Result "1-0"]
[WhiteElo "2084"]
[BlackElo "1990"]
[PlyCount "95"]
[EventDate "2019.??.??"]
[WhiteTeam "Metz Alekhine"]
[BlackTeam "Saint Hilaire Petitville"]

1. e4 e5 2. Nc3 Nf6 3. g3 Bc5 4. Bg2 O-O 5. d3 d6 6. h3 Nc6 7. Na4 Bd7 8. Nxc5
dxc5 9. Be3 Nd4 10. c3 Ne6 11. Nf3 c4 12. Nxe5 cxd3 13. Qxd3 Qe7 14. Nxd7 Nxd7
15. O-O Ndc5 16. Qc4 a5 17. Rad1 c6 18. f4 b5 19. Qe2 Rac8 20. e5 Rfd8 21.
Rxd8+ Nxd8 22. Rd1 Ndb7 23. Qg4 Rc7 24. Kh2 f6 25. Bd4 Nd7 26. e6 Nf8 27. f5
Kh8 28. Qf4 Rc8 29. Rd2 Kg8 30. Be4 Kh8 31. Qf3 Qe8 32. Bb6 Kg8 33. b4 axb4 34.
cxb4 Nd8 35. Rc2 Ndxe6 36. fxe6 Nxe6 37. Bf5 Ng5 38. Qb3+ Kh8 39. Bxc8 Qxc8 40.
h4 Qh3+ 41. Kg1 Ne4 42. Bf2 Qd7 43. Re2 f5 44. Re1 Qd2 45. Qe3 Qxb4 46. g4 Nf6
47. g5 Ne4 48. Qd4 1-0

[Event "XXXVII Open International de Metz A (>1"]
[Site "METZ"]
[Date "2019.04.08"]
[Round "9.3"]
[White "Solodovnichenko, Yuri"]
[Black "Real, Thibault"]
[Result "1-0"]
[WhiteElo "2554"]
[BlackElo "2247"]
[PlyCount "129"]
[EventDate "2019.??.??"]
[WhiteTeam "Vandoeuvre-Echecs"]
[BlackTeam "Lille Université Club Echiquier du Nord"]

1. e4 c5 2. Ne2 e6 3. d4 cxd4 4. Nxd4 Nc6 5. Nc3 Qc7 6. Be3 a6 7. a3 Nf6 8. f4
d5 9. e5 Nd7 10. Qg4 Nxd4 11. Bxd4 h5 12. Qg3 g6 13. O-O-O Bc5 14. Nxd5 exd5
15. e6 Bxd4 16. exd7+ Bxd7 17. Rxd4 O-O-O 18. Bd3 Be6 19. Re1 Rhe8 20. Re5 Rd6
21. Qe1 Kb8 22. g3 Rc8 23. c3 Qb6 24. Kb1 Rdc6 25. Rb4 Qc7 26. Ka1 d4 27. Rxd4
Rd8 28. Rxd8+ Qxd8 29. Bxg6 Rd6 30. Bxh5 Ka7 31. f5 Bb3 32. Qe3+ Qb6 33. Qxb6+
Kxb6 34. Re4 a5 35. Rd4 Rh6 36. Bd1 Bxd1 37. Rxd1 Rxh2 38. Rd6+ Ka7 39. Rd7 Rg2
40. Rxf7 Rxg3 41. Ka2 a4 42. Rd7 Rf3 43. Rd4 b5 44. c4 Kb6 45. cxb5 Kxb5 46.
Rd5+ Kb6 47. Kb1 Rf2 48. Kc1 Ka6 49. Rc5 Kb6 50. Re5 Ka6 51. Kd1 Rxb2 52. Ke1
Rb7 53. Kf2 Kb6 54. Kf3 Kc6 55. Kf4 Kd6 56. Ra5 Ke7 57. Kg5 Rb1 58. Ra7+ Kf8
59. Kg6 Ke8 60. Rxa4 Rb2 61. Ra8+ Ke7 62. f6+ Ke6 63. Re8+ Kd7 64. f7 Rg2+ 65.
Kh5 1-0

[Event "XXXVII Open International de Metz A (>1"]
[Site "METZ"]
[Date "2019.04.08"]
[Round "9.4"]
[White "Shchekachev, Andrei"]
[Black "Muller, Etienne"]
[Result "1-0"]
[WhiteElo "2522"]
[BlackElo "2166"]
[PlyCount "55"]
[EventDate "2019.??.??"]
[WhiteTeam "Tremblay en France"]
[BlackTeam "Echec et Mat Forbach"]

1. Nf3 Nf6 2. c4 g6 3. Nc3 Bg7 4. e4 d6 5. d4 O-O 6. Be2 e5 7. d5 a5 8. Bg5 h6
9. Be3 Ng4 10. Bd2 f5 11. h3 Nf6 12. exf5 gxf5 13. Qc1 f4 14. g3 e4 15. Nh4 e3
16. fxe3 fxg3 17. Ng6 Bf5 18. Nxf8 Kxf8 19. O-O Qd7 20. Rf3 Bxh3 21. Ne4 Ke7
22. Rxg3 Bh8 23. Nxf6 Bxf6 24. Bc3 Bg5 25. Rxg5 hxg5 26. e4 g4 27. Qh6 c6 28.
Bf6+ 1-0

[Event "XXXVII Open International de Metz A (>1"]
[Site "METZ"]
[Date "2019.04.08"]
[Round "9.6"]
[White "Omelja, Artem"]
[Black "Pucher, Sebastien"]
[Result "0-1"]
[WhiteElo "2472"]
[BlackElo "2309"]
[PlyCount "92"]
[EventDate "2019.??.??"]
[BlackTeam "Club d'Echecs Metz Fischer"]

1. d4 Nf6 2. c4 g6 3. Nc3 Bg7 4. e4 d6 5. Nf3 O-O 6. Be2 Na6 7. O-O e5 8. Be3
c6 9. Qc2 Ng4 10. Bg5 Qc7 11. Rad1 d5 12. dxe5 dxe4 13. Qxe4 Bf5 14. Qd4 Nxe5
15. Qh4 Nxf3+ 16. Bxf3 Rfe8 17. g4 Be6 18. Ne4 Bxc4 19. Nf6+ Bxf6 20. Bxf6 Qf4
21. Rd4 Qxf3 22. Rxc4 Re6 23. Bc3 Nc7 24. Qh6 Ne8 25. Rf4 Qd5 26. Rxf7 Kxf7 27.
Qxh7+ Kf8 28. f4 Re2 29. Qh3 Qc5+ 30. Kh1 Qd5+ 31. Kg1 Qe6 32. Rf3 Rd8 33. Qh8+
Ke7 34. Qh7+ Qf7 35. Qh4+ Nf6 36. Rf1 Re4 37. b3 Rd6 38. f5 g5 39. Qxg5 Kd7 40.
Bxf6 Rxf6 41. Rd1+ Rd6 42. Rxd6+ Kxd6 43. Kf2 Qe7 44. Qd2+ Kc7 45. Kf3 Qe5 46.
h3 Rd4 0-1

[Event "XXXVII Open International de Metz A (>1"]
[Site "METZ"]
[Date "2019.04.08"]
[Round "9.7"]
[White "Di Nicolantonio, Lucas"]
[Black "Ojas Kulkarni"]
[Result "1-0"]
[WhiteElo "2359"]
[BlackElo "2240"]
[PlyCount "51"]
[EventDate "2019.??.??"]
[WhiteTeam "Club d'Echecs de l'Agglomeration Chamberienne"]

1. e4 c5 2. Nf3 d6 3. d4 cxd4 4. Nxd4 Nf6 5. Nc3 a6 6. Bg5 Nbd7 7. Qe2 e6 8.
O-O-O h6 9. Bh4 g5 10. Bg3 Qa5 11. h4 Rg8 12. hxg5 hxg5 13. Qe3 Ng4 14. Qe1
Nge5 15. Rh7 b5 16. a3 Be7 17. Nxe6 Nf6 18. Nd5 Qxe1 19. Nec7+ Kd7 20. Rxe1
Nxh7 21. Nxa8 Bb7 22. Nab6+ Ke6 23. Nc7+ Kf6 24. Nbd5+ Bxd5 25. Nxd5+ Ke6 26.
Nc7+ 1-0

[Event "XXXVII Open International de Metz A (>1"]
[Site "METZ"]
[Date "2019.04.08"]
[Round "9.8"]
[White "Bujisho, Benjamin"]
[Black "Thomas, Anysia"]
[Result "0-1"]
[WhiteElo "2339"]
[BlackElo "2149"]
[PlyCount "114"]
[EventDate "2019.??.??"]
[WhiteTeam "Chevau-légers de la Choisille"]
[BlackTeam "Vandoeuvre-Echecs"]

1. e4 c5 2. Nc3 Nc6 3. Bb5 Nd4 4. Bc4 g6 5. Nf3 Bg7 6. Nxd4 cxd4 7. Qf3 Nf6 8.
Ne2 O-O 9. O-O d5 10. exd5 b5 11. Bxb5 Bg4 12. Qg3 Qxd5 13. Bd3 e5 14. f3 Bd7
15. b3 Bb5 16. Bxb5 Qxb5 17. Qf2 Rac8 18. c4 dxc3 19. dxc3 e4 20. Bb2 e3 21.
Qe1 Rfd8 22. Rd1 Qa6 23. a4 Nd5 24. Ba1 Qb6 25. c4 Bxa1 26. Rxa1 Nb4 27. a5 Qc5
28. Ra4 Nc2 29. Qc3 Rd2 30. b4 Qxc4 31. Qxc4 Rxc4 32. Ng3 e2 33. Nxe2 Rxe2 34.
Ra2 Nd4 35. Rxe2 Nxe2+ 36. Kf2 Nd4 37. Rb1 Nc6 38. b5 Nxa5 39. Ra1 Nb7 40. Rxa7
Nd6 41. b6 Rb4 42. Ra8+ Kg7 43. Rb8 Nc4 44. b7 Nd6 45. h4 Rxb7 46. Ra8 Nf5 47.
h5 Rb2+ 48. Kg1 Nh4 49. hxg6 hxg6 50. f4 Rxg2+ 51. Kh1 Rf2 52. f5 Rxf5 53. Kh2
g5 54. Kg3 f6 55. Kg4 Re5 56. Kh5 Nf5 57. Rb8 Re4 0-1

[Event "XXXVII Open International de Metz A (>1"]
[Site "METZ"]
[Date "2019.04.08"]
[Round "9.9"]
[White "Boulet, Philippe"]
[Black "Luba, Lukasz"]
[Result "0-1"]
[WhiteElo "1971"]
[BlackElo "2151"]
[Annotator "denis"]
[PlyCount "66"]
[EventDate "2019.??.??"]
[WhiteTeam "Esbarres Bonnencontre Echecs"]

{[%evp 0,59,19,31,19,23,29,17,17,-18,-18,-30,-25,-52,-46,-45,-61,-40,-40,-40,
-24,-35,-48,-62,-51,-51,-48,-613,-66,-44,-22,-19,-39,-48,-28,-39,-29,-116,-104,
-117,-93,-221,-182,-179,-140,-190,-134,-120,-131,-135,-119,-279,-288,-346,-346,
-346,-346,-362,-334,-357,-332,-363]} 1. d4 d5 2. Nf3 Bf5 3. e3 e6 4. c3 Bd6 5.
Qb3 b6 6. Na3 c6 7. c4 Nf6 8. Bd2 O-O 9. Rc1 Qe7 10. cxd5 exd5 11. Be2 Re8 12.
Nb1 Ne4 13. Bc3 Qf6 14. Nbd2 Re6 15. Nxe4 Bxe4 16. Qd1 Qg6 17. g3 Qh6 18. Kd2
Nd7 19. g4 b5 20. b3 a5 21. h4 Qf6 22. Rh3 a4 23. Ke1 h6 24. Qd2 Qe7 25. Ng1
Bg2 26. g5 Bxh3 27. Nxh3 Re4 28. Bf1 Rxh4 29. gxh6 gxh6 30. Qc2 axb3 31. axb3
Qe6 32. Bb2 Rxh3 33. Qxc6 Bb4+ 0-1

[Event "XXXVII Open International de Metz A (>1"]
[Site "METZ"]
[Date "2019.04.08"]
[Round "9.10"]
[White "Devallee, Jeremie"]
[Black "Narendran Gouthaman"]
[Result "1-0"]
[WhiteElo "2305"]
[BlackElo "2156"]
[PlyCount "63"]
[EventDate "2019.??.??"]
[WhiteTeam "C'Chartres Echecs"]

1. e4 c5 2. d4 cxd4 3. c3 dxc3 4. Nxc3 Nc6 5. Nf3 a6 6. Bc4 e6 7. O-O Nge7 8.
Bg5 f6 9. Be3 b5 10. Bb3 Bb7 11. Nd5 exd5 12. exd5 Ne5 13. Nxe5 fxe5 14. d6 Nf5
15. Qg4 Qf6 16. Rad1 h5 17. Qe2 Qg6 18. f3 Qf6 19. Bg5 Nd4 20. Qe3 Qxd6 21. f4
Qc5 22. Rxd4 Qxd4 23. Bf7+ Kxf7 24. fxe5+ Ke6 25. Qxd4 Rc8 26. Qd3 Bc5+ 27. Kh1
Rhf8 28. Qg6+ Kd5 29. Rd1+ Kc4 30. Qd3+ Kb4 31. Qa3+ Kc4 32. Qb3# 1-0

[Event "XXXVII Open International de Metz A (>1"]
[Site "METZ"]
[Date "2019.04.08"]
[Round "9.11"]
[White "Hejazipour, Mitra"]
[Black "Navrotescu, Andreea-Cristiana"]
[Result "1-0"]
[WhiteElo "2255"]
[BlackElo "2234"]
[PlyCount "109"]
[EventDate "2019.??.??"]
[WhiteTeam "USAM Echiquier Brestois"]
[BlackTeam "L'Echiquier du Roy René"]

1. d4 e6 2. c4 f5 3. g3 Nf6 4. Bg2 c6 5. Nh3 d6 6. O-O Be7 7. b3 O-O 8. Bb2 Qc7
9. Ng5 a5 10. Nc3 e5 11. d5 e4 12. Qd2 Na6 13. Na4 b5 14. Nc3 b4 15. Nd1 cxd5
16. cxd5 Nc5 17. h4 Qb7 18. Ne3 f4 19. gxf4 Nh5 20. Bd4 Nxf4 21. Bxc5 Nxg2 22.
Nxg2 dxc5 23. Nxe4 Bf5 24. f3 Rae8 25. d6 Bd8 26. Ng3 Bh3 27. Rad1 Re6 28. Nf4
Bxh4 29. Nxe6 Bxe6 30. Ne4 Qf7 31. e3 Bh3 32. Qh2 Bxf1 33. Rxf1 Bd8 34. Qe5
Qg6+ 35. Qg3 Qh6 36. f4 Bb6 37. Rd1 Qh5 38. Rd2 Qf5 39. Ng5 h6 40. Nh3 c4 41.
bxc4 Qb1+ 42. Kh2 Qc1 43. Rg2 Rf7 44. e4 Qxc4 45. Qg6 Be3 46. Qg3 Qd4 47. e5
Kf8 48. f5 Bg5 49. Nxg5 hxg5 50. Rc2 Rxf5 51. e6 g6 52. e7+ Kf7 53. Re2 Ke8 54.
d7+ Qxd7 55. Qb8+ 1-0

[Event "XXXVII Open International de Metz A (>1"]
[Site "METZ"]
[Date "2019.04.08"]
[Round "9.12"]
[White "Chigaeva, Anastasia"]
[Black "Kienitz, Andre"]
[Result "1/2-1/2"]
[WhiteElo "2158"]
[BlackElo "2117"]
[PlyCount "43"]
[EventDate "2019.??.??"]

1. d4 d5 2. c4 e6 3. Nf3 Nf6 4. Nc3 Be7 5. Bg5 Nbd7 6. e3 h6 7. Bh4 O-O 8. a3
c5 9. cxd5 Nxd5 10. Bxe7 Nxe7 11. Bd3 cxd4 12. Nxd4 Nf6 13. O-O Bd7 14. Rc1 Qb6
15. Qb3 Qxb3 16. Nxb3 Rfd8 17. Rfd1 Rac8 18. Be2 Ned5 19. Nxd5 Nxd5 20. Rxc8
Rxc8 21. Rc1 Rxc1+ 22. Nxc1 1/2-1/2

[Event "XXXVII Open International de Metz A (>1"]
[Site "METZ"]
[Date "2019.04.08"]
[Round "9.13"]
[White "Llapasset, Jean-Louis"]
[Black "Alok Sinha"]
[Result "0-1"]
[WhiteElo "2062"]
[BlackElo "2271"]
[PlyCount "78"]
[EventDate "2019.??.??"]
[WhiteTeam "Echiquier Diabolique de Canohes"]

1. e4 c5 2. Nf3 d6 3. d4 cxd4 4. Nxd4 Nf6 5. Nc3 g6 6. Be3 Bg7 7. f3 O-O 8. Qd2
Nc6 9. O-O-O Nxd4 10. Bxd4 Be6 11. Kb1 Qc7 12. h4 Rfc8 13. h5 Qa5 14. hxg6 fxg6
15. a3 Rab8 16. Bd3 Bf7 17. g4 b5 18. g5 Nh5 19. Bxg7 Kxg7 20. Nd5 Qxd2 21.
Rxd2 Bxd5 22. exd5 b4 23. a4 a5 24. Rdh2 Rc5 25. Rxh5 gxh5 26. Rxh5 Rh8 27. Be4
h6 28. gxh6+ Rxh6 29. Rg5+ Kf7 30. b3 Rc8 31. Rg2 Rg8 32. Rd2 Kf6 33. Kb2 Rh1
34. c3 Rhg1 35. Bc2 R1g2 36. Rd4 Rc8 37. Rf4+ Kg7 38. Rg4+ Rxg4 39. fxg4 Rxc3
0-1

[Event "XXXVII Open International de Metz A (>1"]
[Site "METZ"]
[Date "2019.04.08"]
[Round "9.14"]
[White "Julian, Stephane"]
[Black "Sarvadh Sathiaram"]
[Result "0-1"]
[WhiteElo "1993"]
[BlackElo "2079"]
[PlyCount "80"]
[EventDate "2019.??.??"]
[WhiteTeam "Vandoeuvre-Echecs"]

1. e4 e6 2. d4 d5 3. Nd2 Nf6 4. e5 Nfd7 5. Bd3 c5 6. c3 Nc6 7. Ne2 cxd4 8. cxd4
f6 9. exf6 Qxf6 10. Nf3 h6 11. O-O Bd6 12. Nc3 O-O 13. a3 a6 14. Bc2 Rf7 15.
Qd3 Nf8 16. Bd2 g5 17. Rae1 Rg7 18. Be3 Ng6 19. Qd1 Bd7 20. Bxg6 Qxg6 21. Ne5
Nxe5 22. dxe5 Bxe5 23. Bd4 Bxd4 24. Qxd4 Rc8 25. Re5 Rc4 26. Qd2 Qf6 27. Rfe1
Rf7 28. h3 Rf4 29. Nd1 d4 30. g3 Rf3 31. Qxd4 Bc6 32. Qd2 Rd7 33. Qc2 Rfd3 34.
R5e3 Qf5 35. g4 Qd5 36. f3 Rxd1 37. Qg6+ Rg7 38. Qxh6 Rxe1+ 39. Rxe1 Qd4+ 40.
Kf1 Bb5+ 0-1

[Event "XXXVII Open International de Metz A (>1"]
[Site "METZ"]
[Date "2019.04.08"]
[Round "9.15"]
[White "Chauvin, Denis"]
[Black "Frantz, Nicolas"]
[Result "1/2-1/2"]
[WhiteElo "1876"]
[BlackElo "2115"]
[PlyCount "70"]
[EventDate "2019.??.??"]
[WhiteTeam "Le Pion Tissalien Echecs"]
[BlackTeam "Vandoeuvre-Echecs"]

1. d4 d5 2. Nf3 Nf6 3. e3 c5 4. c3 Nc6 5. Nbd2 Bf5 6. dxc5 a5 7. Bb5 Bd7 8. a4
Qc7 9. O-O e5 10. Bxc6 bxc6 11. b4 axb4 12. cxb4 e4 13. Ne1 Qe5 14. Ra3 Bg4 15.
f3 exf3 16. Nexf3 Qc7 17. Qc2 Be7 18. Bb2 O-O 19. Be5 Qb7 20. Rb1 Bh5 21. Rb2
Bg6 22. Qc3 Rfe8 23. Bd4 Qa6 24. Ne5 Qe2 25. Nf1 Qa6 26. Nxg6 hxg6 27. Qc2 Ne4
28. Qe2 Qc8 29. Nd2 Bf6 30. Bxf6 Nxf6 31. Qf3 g5 32. Qg3 g4 33. Qf4 Ne4 34.
Nxe4 Rxe4 35. Qg3 Qb8 1/2-1/2

[Event "XXXVII Open International de Metz A (>1"]
[Site "METZ"]
[Date "2019.04.08"]
[Round "9.17"]
[White "Sadeghi, Hassan"]
[Black "Colson, Arnaud"]
[Result "1-0"]
[WhiteElo "2112"]
[BlackElo "2028"]
[PlyCount "43"]
[EventDate "2019.??.??"]
[WhiteTeam "Cercle d'Echecs d'Evian"]
[BlackTeam "Cercle d'Echecs de Creutzwald"]

1. Nc3 c5 2. Nf3 d6 3. e3 Nf6 4. d4 b6 5. Bb5+ Nbd7 6. e4 cxd4 7. Qxd4 e5 8.
Qd3 Bb7 9. Bg5 Be7 10. Bxf6 gxf6 11. Nh4 Rg8 12. Nf5 a6 13. Bxd7+ Qxd7 14. Qh3
Rg5 15. Qxh7 Bf8 16. Ne3 O-O-O 17. O-O-O Rg6 18. Kb1 Bh6 19. Nf5 Bf8 20. Qh3
Qe6 21. Nd5 b5 22. Qc3+ 1-0

[Event "XXXVII Open International de Metz A (>1"]
[Site "METZ"]
[Date "2019.04.08"]
[Round "8.1"]
[White "Chigaev, Maksim"]
[Black "Solodovnichenko, Yuri"]
[Result "1/2-1/2"]
[WhiteElo "2634"]
[BlackElo "2554"]
[PlyCount "130"]
[EventDate "2019.??.??"]
[BlackTeam "Vandoeuvre-Echecs"]

1. e4 c5 2. Nf3 d6 3. d4 Nf6 4. dxc5 Nxe4 5. cxd6 Nc6 6. dxe7 Qxd1+ 7. Kxd1
Bxe7 8. Be3 O-O 9. a3 Rd8+ 10. Kc1 Bg4 11. Bd3 Bxf3 12. gxf3 Nc5 13. Bc4 Ne5
14. Be2 Ne6 15. c3 f5 16. Rd1 Rxd1+ 17. Kxd1 f4 18. Bc1 Bh4 19. Ke1 Nc5 20. Nd2
Ncd3+ 21. Kf1 Nxf2 22. Nc4 Ned3 23. a4 Rd8 24. Bd2 g5 25. b4 h5 26. Bxd3 Rxd3
27. Ke2 g4 28. Ne5 Rd5 29. Ng6 gxf3+ 30. Kxf3 Rxd2 31. Nxh4 Nh3 32. Ke4 Rxh2
33. Kf5 Rc2 34. Kg6 Rxc3 35. Rd1 Kf8 36. Nf5 Rc6+ 37. Kxh5 Rf6 38. Nh4 Nf2 39.
Rd7 Rf7 40. Rd8+ Kg7 41. Nf3 Rf5+ 42. Kh4 Rf8 43. Nd4 Rxd8 44. Ne6+ Kf6 45.
Nxd8 Nd3 46. Nxb7 Nxb4 47. Kg4 Ke5 48. Nc5 Kd5 49. Nb3 Ke4 50. Nd2+ Kd3 51. Nb1
Nd5 52. Kf3 a6 53. Na3 Kc3 54. Nb5+ Kb4 55. Nd4 Kxa4 56. Ke4 Ne7 57. Kxf4 Kb4
58. Ke3 Kc3 59. Ne2+ Kb3 60. Kd4 Nc6+ 61. Kc5 a5 62. Kxc6 a4 63. Nd4+ Kb4 64.
Nb5 a3 65. Nxa3 Kxa3 1/2-1/2

[Event "XXXVII Open International de Metz A (>1"]
[Site "METZ"]
[Date "2019.04.08"]
[Round "8.4"]
[White "Ojas Kulkarni"]
[Black "Palac, Mladen"]
[Result "0-1"]
[WhiteElo "2240"]
[BlackElo "2550"]
[PlyCount "110"]
[EventDate "2019.??.??"]
[BlackTeam "Nice Alekhine"]

1. c4 e5 2. Nc3 Nf6 3. e3 Bb4 4. Nge2 O-O 5. a3 Bxc3 6. Nxc3 d5 7. cxd5 Nxd5 8.
Qc2 Nc6 9. b4 Re8 10. Bb2 Nxc3 11. Bxc3 Qd5 12. Qa2 Qd6 13. Bc4 Be6 14. b5 Bxc4
15. Qxc4 Ne7 16. Bb4 Qd7 17. Bxe7 Rxe7 18. O-O Rd8 19. Rfd1 Re6 20. d4 Rd6 21.
Rac1 c6 22. bxc6 Rxc6 23. Qb4 exd4 24. Rxc6 Qxc6 25. exd4 Rd5 26. Qe7 h5 27. h3
a6 28. g3 g6 29. Qe4 Kg7 30. h4 b5 31. Kg2 Qd7 32. Rd3 a5 33. Qe1 Qc6 34. Qe4
Qc4 35. Rc3 Qxd4 36. Qxd4+ Rxd4 37. Rc5 Rd3 38. Rxb5 Rxa3 39. Rb6 Kf8 40. Rb7
a4 41. Ra7 Ke8 42. Kh2 Ra2 43. Kg2 a3 44. Kf3 f6 45. Ra6 Ke7 46. Ke3 Kf7 47.
Kf3 g5 48. g4 gxh4 49. gxh5 h3 50. Ra7+ Kg8 51. h6 h2 52. h7+ Kh8 53. Kg2 Rxf2+
54. Kh1 Rf1+ 55. Kxh2 Ra1 0-1

[Event "XXXVII Open International de Metz A (>1"]
[Site "METZ"]
[Date "2019.04.08"]
[Round "8.5"]
[White "Real, Thibault"]
[Black "Di Nicolantonio, Lucas"]
[Result "1-0"]
[WhiteElo "2247"]
[BlackElo "2359"]
[PlyCount "82"]
[EventDate "2019.??.??"]
[WhiteTeam "Lille Université Club Echiquier du Nord"]
[BlackTeam "Club d'Echecs de l'Agglomeration Chamberienne"]

1. c4 e6 2. Nc3 d5 3. e3 Nf6 4. Nf3 Be7 5. b3 O-O 6. Bb2 c5 7. cxd5 exd5 8. d4
Nc6 9. Be2 Bg4 10. O-O Re8 11. dxc5 Bxc5 12. h3 Be6 13. Rc1 Qe7 14. Nb5 Ne4 15.
Nbd4 Bd7 16. Bd3 Rad8 17. Qe2 Bd6 18. Rfd1 Bb8 19. Nxc6 bxc6 20. Bd4 c5 21. Ba1
Qe6 22. Bb1 Bc8 23. Qb2 Qh6 24. b4 c4 25. Qd4 Bc7 26. Bxe4 Rxe4 27. Qxa7 Bb6
28. Qb8 Bxh3 29. Qh2 Rg4 30. Ne1 Rg6 31. Bd4 Bf5 32. Qxh6 gxh6 33. Bxb6 Rxb6
34. Rxc4 Ra8 35. Rf4 Be4 36. f3 Bg6 37. Rd2 Bb1 38. Rxd5 Rxa2 39. Rd1 Rb2 40.
Rg4+ Kf8 41. Nd3 Bxd3 1-0

[Event "XXXVII Open International de Metz A (>1"]
[Site "METZ"]
[Date "2019.04.08"]
[Round "8.6"]
[White "Muller, Etienne"]
[Black "Bujisho, Benjamin"]
[Result "1-0"]
[WhiteElo "2166"]
[BlackElo "2339"]
[PlyCount "100"]
[EventDate "2019.??.??"]
[WhiteTeam "Echec et Mat Forbach"]
[BlackTeam "Chevau-légers de la Choisille"]

1. e4 c5 2. Nf3 e6 3. d4 cxd4 4. Nxd4 Nc6 5. Nc3 Qc7 6. Be3 a6 7. Qd2 Nf6 8.
O-O-O Bb4 9. f3 Ne7 10. Kb1 Ba5 11. Nb3 Bxc3 12. Qxc3 Qxc3 13. bxc3 d5 14. e5
Nd7 15. f4 b6 16. a4 Bb7 17. Kc1 Rc8 18. Kd2 O-O 19. Bd3 Rc7 20. Bd4 Nc6 21.
Rb1 f6 22. exf6 gxf6 23. Rhf1 Rf7 24. Be3 e5 25. Bf5 Re7 26. Bxd7 Rcxd7 27.
Bxb6 Rg7 28. g3 Bc8 29. Na5 Nxa5 30. Bxa5 Bb7 31. Rb6 Rgf7 32. Re6 Rde7 33. Rd6
Kg7 34. c4 dxc4 35. Bc3 Bc8 36. Re1 e4 37. Ke3 Kg6 38. Rb1 Rb7 39. Rxb7 Bxb7
40. g4 h6 41. h4 h5 42. f5+ Kh7 43. g5 fxg5 44. hxg5 Rxf5 45. g6+ Kg8 46. Bf6
Rxf6 47. Rxf6 h4 48. Rd6 h3 49. Rd8+ Kg7 50. Rd7+ Kxg6 1-0

[Event "XXXVII Open International de Metz A (>1"]
[Site "METZ"]
[Date "2019.04.08"]
[Round "8.7"]
[White "Maiorov, Nikita"]
[Black "Chigaeva, Anastasia"]
[Result "1/2-1/2"]
[WhiteElo "2540"]
[BlackElo "2158"]
[PlyCount "144"]
[EventDate "2019.??.??"]

1. d4 d5 2. c4 c6 3. Nc3 Nf6 4. e3 Bf5 5. Nf3 e6 6. Nh4 Be4 7. f3 Bg6 8. g3 Qc7
9. Bd2 Nbd7 10. Kf2 Be7 11. Kg2 O-O 12. Rc1 Rad8 13. cxd5 exd5 14. Nxg6 hxg6
15. Bd3 Rfe8 16. Be1 Qb8 17. Bf2 c5 18. b3 a6 19. Ne2 Rc8 20. Qd2 cxd4 21. exd4
Rxc1 22. Rxc1 Ba3 23. Rh1 Qd6 24. Bb1 Nf8 25. h4 Bb4 26. Qd1 Nh5 27. Bd3 Ne6
28. Qb1 Qc7 29. Rc1 Qd7 30. Rc2 Rc8 31. Rxc8+ Qxc8 32. Be3 Bd6 33. Qc2 Qb8 34.
f4 Qc7 35. Qxc7 Nxc7 36. g4 Nf6 37. g5 Nd7 38. f5 gxf5 39. Bxf5 Nf8 40. Bc8 b5
41. Bf4 Bxf4 42. Nxf4 g6 43. b4 Kg7 44. Kf3 f6 45. Kg4 Kf7 46. Bb7 Nfe6 47.
Nxe6 Kxe6 48. Bc6 Ke7 49. Bb7 Ke6 50. gxf6 Kxf6 51. Bc8 Kf7 52. Kg5 Kg7 53. Bg4
Kf7 54. h5 gxh5 55. Bxh5+ Ke6 56. Bg4+ Kd6 57. Bc8 Kc6 58. Kf4 Ne8 59. Bxa6 Nd6
60. Ke5 Nc4+ 61. Ke6 Nd6 62. a3 Nc4 63. a4 bxa4 64. Bxc4 dxc4 65. d5+ Kb7 66.
d6 c3 67. d7 c2 68. d8=Q c1=Q 69. Qd7+ Qc7 70. Qxa4 Qc6+ 71. Qxc6+ Kxc6 72. b5+
Kxb5 1/2-1/2

[Event "XXXVII Open International de Metz A (>1"]
[Site "METZ"]
[Date "2019.04.08"]
[Round "8.8"]
[White "Pucher, Sebastien"]
[Black "Hejazipour, Mitra"]
[Result "1-0"]
[WhiteElo "2309"]
[BlackElo "2255"]
[PlyCount "85"]
[EventDate "2019.??.??"]
[WhiteTeam "Club d'Echecs Metz Fischer"]
[BlackTeam "USAM Echiquier Brestois"]

1. b3 d5 2. Bb2 Nf6 3. Nf3 c5 4. e3 Nc6 5. Bb5 Bd7 6. O-O e6 7. d3 Be7 8. Nbd2
O-O 9. Bxc6 Bxc6 10. Ne5 Be8 11. f4 Nd7 12. Qg4 d4 13. Nxd7 Bxd7 14. e4 e5 15.
f5 Bg5 16. Nc4 f6 17. a4 b6 18. h4 Bh6 19. Qf3 Be8 20. g4 Rb8 21. Kh1 Bf4 22.
Bc1 Bxc1 23. Rfxc1 h6 24. Rg1 Kf7 25. g5 hxg5 26. hxg5 Ke7 27. g6 Rh8+ 28. Kg2
Rh4 29. Rh1 Rf4 30. Qg3 Bc6 31. Rh7 Qg8 32. Qh3 Bxe4+ 33. dxe4 Rxe4 34. Qh6 Kf8
35. Qh1 Qd5 36. Kg3 d3 37. Rxg7 Rg4+ 38. Kxg4 Qd4+ 39. Kg3 Qf4+ 40. Kg2 Qg4+
41. Kf2 Qf4+ 42. Ke1 Qg3+ 43. Kd1 1-0

[Event "XXXVII Open International de Metz A (>1"]
[Site "METZ"]
[Date "2019.04.08"]
[Round "8.9"]
[White "Alok Sinha"]
[Black "Omelja, Artem"]
[Result "0-1"]
[WhiteElo "2271"]
[BlackElo "2472"]
[PlyCount "88"]
[EventDate "2019.??.??"]

1. e4 e6 2. d4 d5 3. exd5 exd5 4. Nf3 Bd6 5. c4 dxc4 6. Bxc4 Nf6 7. O-O O-O 8.
Nc3 Nc6 9. h3 h6 10. Re1 Re8 11. Be3 a6 12. a4 Nb4 13. Qb3 Be6 14. Ne5 Bxc4 15.
Qxc4 Re7 16. Rad1 c6 17. Bf4 Nbd5 18. Bg3 Qb6 19. Rd2 Rae8 20. Rde2 Re6 21. Qd3
Bb4 22. Kh2 Qd8 23. Qf3 Qc8 24. Rc1 Qd8 25. Ne4 Qe7 26. Nxf6+ Qxf6 27. Qb3 Qf5
28. Rec2 a5 29. Nd3 Re2 30. Nxb4 axb4 31. a5 Rxc2 32. Rxc2 Re6 33. Rc1 h5 34.
h4 Kh7 35. Qc4 Re4 36. a6 bxa6 37. Qxc6 a5 38. Rc5 Rxd4 39. Rxa5 Rd1 40. Ra8
Qb1 41. Be5 Rh1+ 42. Kg3 Qd3+ 43. f3 Qd2 44. Bd4 Qe1+ 0-1

[Event "XXXVII Open International de Metz A (>1"]
[Site "METZ"]
[Date "2019.04.08"]
[Round "8.10"]
[White "Navrotescu, Andreea-Cristiana"]
[Black "Devallee, Jeremie"]
[Result "1/2-1/2"]
[WhiteElo "2234"]
[BlackElo "2305"]
[PlyCount "76"]
[EventDate "2019.??.??"]
[WhiteTeam "L'Echiquier du Roy René"]
[BlackTeam "C'Chartres Echecs"]

1. d4 Nf6 2. Nf3 e6 3. e3 c5 4. Bd3 b6 5. O-O Bb7 6. c4 Be7 7. Nc3 O-O 8. d5
exd5 9. cxd5 d6 10. e4 Re8 11. h3 Na6 12. a4 Nc7 13. Re1 a6 14. Bf4 Qd7 15. Bh2
b5 16. axb5 axb5 17. Rxa8 Rxa8 18. e5 Nfxd5 19. exd6 Bxd6 20. Bxd6 Qxd6 21. Ne4
Qf8 22. Neg5 Nf6 23. Ne5 Bd5 24. Ng4 Qd6 25. Nxf6+ Qxf6 26. Nxh7 Qh6 27. Re5
Re8 28. Rxe8+ Nxe8 29. Bxb5 Nc7 30. Bd3 Ne6 31. Bc2 Nf4 32. Qg4 Nxh3+ 33. gxh3
Qc1+ 34. Bd1 Be6 35. Nf6+ Kf8 36. Nh7+ Kg8 37. Nf6+ Kf8 38. Nh7+ Kg8 1/2-1/2

[Event "XXXVII Open International de Metz A (>1"]
[Site "METZ"]
[Date "2019.04.08"]
[Round "8.11"]
[White "Luba, Lukasz"]
[Black "Julian, Stephane"]
[Result "1-0"]
[WhiteElo "2151"]
[BlackElo "1993"]
[PlyCount "103"]
[EventDate "2019.??.??"]
[BlackTeam "Vandoeuvre-Echecs"]

1. d4 Nf6 2. Nf3 e6 3. Bg5 Be7 4. Nc3 d5 5. e3 Nbd7 6. Bf4 a6 7. Ne5 c5 8. f3
Nxe5 9. Bxe5 Bd6 10. f4 O-O 11. h4 Bxe5 12. fxe5 Ne4 13. Nxe4 dxe4 14. c3 cxd4
15. exd4 Bd7 16. Qg4 f5 17. Qf4 Rc8 18. O-O-O Bc6 19. Rh3 Bd5 20. b3 b5 21. Kb2
Rf7 22. Be2 Rb7 23. Rg1 a5 24. g4 fxg4 25. Rxg4 a4 26. b4 a3+ 27. Kb1 Qf8 28.
Qe3 Rbc7 29. Rf4 Rf7 30. Rxf7 Qxf7 31. Bxb5 Rf8 32. Be2 Rc8 33. Rh1 Qe7 34. h5
h6 35. Rg1 Kh8 36. Ka1 Qc7 37. Rc1 Bc4 38. Qxe4 Bxe2 39. Qxe2 Qd8 40. Qa6 Qe8
41. Qxa3 Qxh5 42. b5 Qf3 43. Qb3 Qe3 44. Kb2 Rb8 45. a4 h5 46. Qxe6 h4 47. Qg4
Ra8 48. Qxh4+ Kg8 49. Rh1 Rxa4 50. Qh7+ Kf7 51. Rf1+ Ke6 52. Qg6+ 1-0